000 00540nam a2200181Ia 4500
008 240729s9999 xx 000 0 und d
022 _a2090-3456
245 0 _aInternational Journal of Hepatology
260 _aUnited Kingdom
260 _bHindawi Limited
650 _a Diseases of the digestive system. Gastroenterology
650 _a Internal medicine
650 _a Specialties of internal medicine
650 _aMedicine
856 _uhttps://doaj.org/toc/0a43783d9b9c4326911578e58b8cca38
942 _2ddc
942 _cDOAJEJ
999 _c71698
_d71698
945 _a1
_bMadushi Gamage
_c1
_dMadushi Gamage